| 000 | 00629nam a2200169 i 4500 | ||
|---|---|---|---|
| 001 | 64322 | ||
| 003 | ES-MaACL | ||
| 005 | 20230906165113.0 | ||
| 007 | t| | ||
| 008 | 031223s1982 sp ||||1| spa d | ||
| 100 | 1 |
_aFloristán Imízcoz, Alfredo. _951342 |
|
| 245 | 1 | 3 |
_aLa merinidad de Estella en la Edad Moderna _b: los hombres y la tierra / _cAlfredo Floristán Imízcoz ; presentación de Valentín Vázquez de Prada. |
| 260 |
_aPamplona : _b[Institución Príncipe de Viana], _c1982. |
||
| 300 |
_a399 p., map. : _bil. ; _c28 cm. |
||
| 700 | 1 |
_aVázquez de Prada, Valentín. _9113427 |
|
| 852 |
_aES-MaACL _jL-4521 _bR.105384 |
||
| 999 |
_c64322 _d64322 |
||